The new post-oil arab gulf : (Record no. 15792)
[ view plain ]
| 000 -LEADER | |
|---|---|
| fixed length control field | 01914nam a2200241 a 4500 |
| 001 - CONTROL NUMBER | |
| control field | ASIN0863564909 |
| 005 - DATE AND TIME OF LATEST TRANSACTION | |
| control field | 20170105102925.0 |
| 008 - FIXED-LENGTH DATA ELEMENTS--GENERAL INFORMATION | |
| fixed length control field | 131211s2011 xxu eng d |
| 020 ## - INTERNATIONAL STANDARD BOOK NUMBER | |
| International Standard Book Number | 0863564909 (paperback) |
| Terms of availability | $39.95 |
| 020 ## - INTERNATIONAL STANDARD BOOK NUMBER | |
| International Standard Book Number | 9780863564901 (paperback) |
| 040 ## - CATALOGING SOURCE | |
| Original cataloging agency | 0 |
| 082 ## - DEWEY DECIMAL CLASSIFICATION NUMBER | |
| Classification number | 330.9536 |
| Author Mark | NEW 2011 |
| 245 04 - TITLE STATEMENT | |
| Title | The new post-oil arab gulf : |
| Remainder of title | managing people and wealth / |
| Statement of responsibility, etc. | Nabil Sultan, David Weir, Zeinab Karake-Shalhoub. |
| 250 ## - EDITION STATEMENT | |
| Edition statement | 1st ed. |
| 260 ## - PUBLICATION, DISTRIBUTION, ETC. | |
| Place of publication, distribution, etc. | [S.l.] : |
| Name of publisher, distributor, etc. | Saqi Books, |
| Date of publication, distribution, etc. | 2011. |
| 300 ## - PHYSICAL DESCRIPTION | |
| Extent | 250 p. ; |
| Dimensions | 24 cm. |
| 520 ## - SUMMARY, ETC. | |
| Summary, etc. | The sharp increase in oil revenues since 2002 has left the Arab Gulf States with billions of petro-dollars. But how will these countries fare in the post-oil era? The rulers of these states are taking serious measures to ensure the survival of their economies, and indeed their regimes, in a world with scarce mineral resources. This book explores the extent to which these countries have been and will be able to prepare for the future by transforming themselves into serious international destinations for tourism, finance, healthcare, and education. It also considers the implications of failure for the future survival of their regimes. Topics covered include sovereign funds, Islamic finance, new technologies, higher education, and the role of women. A timely study into this vibrant and important region, this book will provide food for thought for academics, policy makers, and general readers. Nabil Sultan is a senior lecturer at the Liverpool Hope University. David Weir is a professor at Liverpool Hope University. Zeinab Karake-Shalhoub is director of research at the Dubai International Financial Centre in the United Arab Emirates. |
| 700 1# - ADDED ENTRY--PERSONAL NAME | |
| Personal name | Sultan, Nabil. |
| 700 1# - ADDED ENTRY--PERSONAL NAME | |
| Personal name | Weir, David. |
| 700 1# - ADDED ENTRY--PERSONAL NAME | |
| Personal name | Karake-Shalhoub, Zeinab. |
| 856 40 - ELECTRONIC LOCATION AND ACCESS | |
| Materials specified | Amazon.com |
| Uniform Resource Identifier | <a href="http://www.amazon.com/exec/obidos/ASIN/0863564909/chopaconline-20">http://www.amazon.com/exec/obidos/ASIN/0863564909/chopaconline-20</a> |
| 942 ## - ADDED ENTRY ELEMENTS (KOHA) | |
| Source of classification or shelving scheme | |
| Koha item type | Book |
| Withdrawn status | Lost status | Damaged status | Not for loan | Collection code | Permanent Location | Current Location | Shelving location | Date acquired | Total Checkouts | Full call number | Barcode | Date last seen | Price effective from | Koha item type |
|---|---|---|---|---|---|---|---|---|---|---|---|---|---|---|
| Centre for International Peace & Stability (CIPS) | Centre for International Peace & Stability (CIPS) | General Stacks | 10/02/2013 | 330.9536 NEW 2011 | CIPS0001578 | 12/11/2013 | 12/11/2013 | Book |
